000 00363pab a2200145 454500
008 180718b1985 xxu||||| |||| 00| 0 eng d
100 _aDeva, Satya
245 _aThe Indian knowledge industry
260 _c1985
300 _a585-6
362 _a6 April
650 _aColleges and Universities - India
773 _aEconomic and political Weekly
909 _a6014
999 _c6014
_d6014